西南各省会下辖县级行政区 County-level divisions of provincial capitals - Statistics

General Stats
  • This quiz has been taken 71 times
  • The average score is 30 of 52
Answer Stats
省会 县区 % Correct
成都市 都江堰市
92%
成都市 金牛区
90%
成都市 郫都区
90%
成都市 青羊区
90%
成都市 武侯区
90%
成都市 成华区
86%
成都市 简阳市
84%
成都市 双流区
84%
拉萨市 城关区
80%
成都市 龙泉驿区
80%
成都市 青白江区
80%
成都市 锦江区
74%
成都市 温江区
70%
成都市 新津区
70%
昆明市 五华区
68%
成都市 金堂县
66%
成都市 彭州市
66%
成都市 邛崃市
66%
成都市 新都区
66%
拉萨市 堆龙德庆区
64%
成都市 崇州市
64%
昆明市 官渡区
64%
成都市 大邑县
60%
成都市 蒲江县
60%
昆明市 呈贡区
60%
昆明市 东川区
56%
贵阳市 观山湖区
56%
贵阳市 白云区
54%
贵阳市 南明区
54%
昆明市 安宁市
50%
拉萨市 墨竹工卡县
48%
昆明市 盘龙区
48%
贵阳市 花溪区
48%
贵阳市 清镇市
44%
贵阳市 息烽县
44%
昆明市 禄劝彝族苗族自治县
42%
贵阳市 乌当区
42%
昆明市 寻甸回族彝族自治县
40%
拉萨市 当雄县
38%
昆明市 石林彝族自治县
38%
昆明市 嵩明县
38%
昆明市 晋宁区
36%
昆明市 西山区
36%
贵阳市 修文县
36%
贵阳市 云岩区
36%
昆明市 宜良县
34%
昆明市 富民县
32%
贵阳市 开阳县
32%
拉萨市 达孜区
30%
拉萨市 林周县
30%
拉萨市 尼木县
28%
拉萨市 曲水县
28%
No matching quizzes found
Score Distribution
Percent of People with Each Score
Percentile by Number Answered
Your Score History
You have not taken this quiz